Lịch sử đảng bộ huyện Dầu tiếng 1945 -1975 1945 -1975
Đã lưu trong:
| Format: | Bog |
|---|---|
| Udgivet: |
Hà nội
Chính trị Quốc gia
2006
|
| Fag: | |
| Tags: |
Tilføj Tag
Ingen Tags, Vær først til at tagge denne postø!
|
| Thư viện lưu trữ: | Trung tâm Học liệu Lê Vũ Hùng, Trường Đại học Đồng Tháp |
|---|
| LEADER | 00666pam a22002058a 4500 | ||
|---|---|---|---|
| 001 | 00040944 | ||
| 005 | 20180606150624.0 | ||
| 008 | 110423s1997 ||||||Viesd | ||
| 041 | 0 | # | |a Vie |
| 082 | 1 | 4 | |a 324.259 707 52 |b L302S |
| 245 | 0 | 0 | |a Lịch sử đảng bộ huyện Dầu tiếng 1945 -1975 |b 1945 -1975 |
| 260 | # | # | |a Hà nội |b Chính trị Quốc gia |c 2006 |
| 300 | # | # | |a 402tr. |c 21cm. |
| 650 | # | 4 | |a Dầu tiếng |
| 650 | # | 4 | |a Lịch sử Đảng |
| 653 | # | # | |a Chính trị |
| 653 | # | # | |a Lãnh Đạo |
| 852 | # | # | |j KD.0022833 |
| 910 | |d 31/01/2018 | ||
| 980 | # | # | |a Trung tâm Học liệu Lê Vũ Hùng, Trường Đại học Đồng Tháp |